Statistics for Mel Gibson Movies: Multiple Choice

Click here to take the quiz!

General Stats

  • This quiz has been taken 670 times
  • The average score is 13 of 15

Answer Stats

QuestionAnswer% Correct
Which one?Braveheart
99%
Which one?Mad Max
98%
Which one?Lethal Weapon
96%
Which one?Ransom
95%
Which one?The Patriot
94%
Which one?What Women Want
91%
Which one?Payback
88%
Which one?The Beaver
86%
Which one?Signs
85%
Which one?Maverick
84%
Which one?Bird on a Wire
80%
Which one?Conspiracy Theory
71%
Which one?Gallipoli
70%
Which one?The Expendables 3
69%
Which one?Pocahontas
49%

Score Distribution

Percentile by Number Answered

Percent of People with Each Score

Your Score History

You have not taken this quiz